Real Betis Belompié 2025/26 Squad - Statistics

General Stats
  • This quiz has been taken 8 times
  • The average score is 16 of 27
Answer Stats
Hint Answer % Correct
RW 🇧🇷 Antony
100%
RB 🇪🇸 Héctor Bellerín
86%
GK 🇪🇸 Álvaro Valles
71%
FW 🇨🇩 Cédric Bakambu
71%
AM 🇦🇷 Giovani Lo Celso
71%
CB 🇧🇷 Natan
71%
LB 🇨🇭 Ricardo Rodríguez
71%
GK 🇪🇸 Adrián San Miguel
57%
CM 🇲🇽 Álvaro Fidalgo
57%
RB 🇪🇸 Ángel Ortiz
57%
FW 🇦🇷 Chimy Ávila
57%
FW 🇨🇴 Cucho Hernández
57%
CB 🇪🇸 Diego Llorente
57%
AM 🇪🇸 Isco
57%
LB 🇩🇴 Junior Firpo
57%
CB 🇪🇸 Marc Bartra
57%
DM 🇪🇸 Marc Roca
57%
CM 🇨🇴 Nelson Deossa
57%
CM 🇪🇸 Pablo Fornals
57%
RW 🇪🇸 Pablo García
57%
GK 🇪🇸 Pau López
57%
LW 🇪🇸 Rodrigo Riquelme
57%
CM 🇪🇸 Sergi Altimira
57%
DM 🇲🇦 Sofyan Amrabat
57%
CB 🇦🇷 Valentín Gómez
57%
LW 🇲🇦 Abde Ezzalzouli
29%
RW 🇪🇸 Aitor Rubal
0%
No matching quizzes found
Score Distribution
Percent of People with Each Score
Percentile by Number Answered
Your Score History
You have not taken this quiz